Normal view MARC view
  • Rojas Serrano, Coral

Entry Nombre Personal

Number of records used in: 1

001 - NUMERO DE CONTROL

  • campo de control: 52766

003 - IDENTIFICADOR DE NUMERO DE CONTROL

  • campo de control: DLC

005 - FECHA Y HORA DE LA ÜLTIMA TRANSACCIÓN

  • campo de control: 20240712155639.0

008 - DATOS DE LONGITUD FIJA

  • campo de control de longitud fija: 220901n| acnnnaabn |a aaa

010 ## - NÚMERO DE CONTROL DE LA BIBLIOTECA DEL CONGRESO

  • Número de control LC: n 2022046814

040 ## - FUENTE DE CATALOGACIÓN

  • Agencia original de catalogación: DLC
  • Lenguaje de catalogación: spa
  • Description conventions: rda
  • Agencia de transcripción: DLC
  • Agencia que lo modifica: MX-MxUPN

100 1# - ENCABEZAMIENTO - NOMBRE PERSONAL

  • Nombre personal: Rojas Serrano, Coral

370 ## - LUGAR ASOCIADO

  • Associated country: Mexico
  • Fuente del término: bgtq

373 ## - GRUPO ASOCIADO

  • Associated group: Universidad Autónoma Chapingo
  • Fuente del término: bgtq

377 ## - LENGUA ASOCIADA

  • Language code: spa

400 1# - VEÁSE - NOMBRE DE PERSONA

  • Personal name: Serrano, Coral Rojas

670 ## - FUENTE EN LA QUE SE LOCALIZARON DATOS

  • Cita de la fuente: Articulación de saberes en las políticas públicas de ciencia, tecnología e innovación, 2021:
  • Información localizada: portada (Coral Rojas Serrano) front flap (degree of engineer in agroecology from Univ. Aut. Chapingo; master's and doctorate in strategies for regional agricultural development from Colegio de Postgraduados; her line of specialization is gender and sustainability; since 2019 she is head of the Área de Agroecología in Semarnat)

902 ## - CATALOGADOR

  • Catalogador: VíctorGodínez/120724